000 00563cam a2200193Ka 4500
020 _a9780307276995
020 _a0307276996
020 _a9780307276995
020 _a0307276996
040 _cTEFOD
082 0 4 _a823 DUR 1969 A110 Or.
100 1 _aDurham, David Anthony,
245 1 0 _aPride of Carthage :
_ba novel of Hannibal /
300 _a568 pages :
_bmap ;
_c25 cm.
650 0 _aPunic War, 2nd, 218-201 B.C.
650 0 _aGenerals
856 4 0 _uhttp://spl.lib.overdrive.com/ContentDetails.htm?ID=A89F5466-6858-4C39-9E26-E053CCEF1CC1
942 _cEK
999 _c17081
_d17081